Typové riešenie organizácie práce majstra
Salvato in:
| Autore principale: | |
|---|---|
| Natura: | Libro |
| Lingua: | slovacco |
| Pubblicazione: |
Bratislava
Československý výskumný ústav práce a sociálnych vecí
1982
|
| Serie: | Výskum práce v praxi
zv. 3 |
| Tags: |
Nessun Tag, puoi essere il primo ad aggiungerne!!
|
MARC
| LEADER | 00000nam a2200000 4500 | ||
|---|---|---|---|
| 001 | c131407 | ||
| 005 | 20200722103554.2 | ||
| 041 | 0 | |a slo | |
| 044 | |a SK | ||
| 245 | 1 | 0 | |a Typové riešenie organizácie práce majstra |c Mária Minďašová |
| 264 | 1 | |a Bratislava |b Československý výskumný ústav práce a sociálnych vecí |c 1982 | |
| 300 | |a 83 s. | ||
| 490 | 1 | |a Výskum práce v praxi |v zv. 3 | |
| 830 | 0 | |a Výskum práce v praxi |v zv. 3 | |
| 100 | 1 | |a Minďašová, Mária | |